| 000 | 00744nam a2200265Ia 4500 | ||
|---|---|---|---|
| 003 | OSt | ||
| 005 | 20221005093233.0 | ||
| 006 | a|||||r|||| 00| 0 | ||
| 007 | ta | ||
| 008 | 221004b |||||||| |||| 00| 0 eng d | ||
| 024 | _a38989 | ||
| 037 | _cTextual | ||
| 040 |
_aCRL _cCRL _beng |
||
| 041 |
_2eng _aeng |
||
| 082 | _aO111:gJ, K3 | ||
| 100 |
_aHaydn Hiram Ed. _947764 |
||
| 110 | _aGift from Prof Amitava Banerjee, London | ||
| 245 | 0 | _aPortable Elizabethan reader | |
| 260 |
_aNew York _bViking Press USA _c1963 |
||
| 300 |
_a688p. _ccm. |
||
| 650 | _aENGLISH LITERATURE | ||
| 700 | _aGift from Prof Amitava Banerjee, London | ||
| 942 |
_hO111:gJ, K3 _cTEXL _2cc |
||
| 999 |
_c1000029 _d1000029 |
||